[Event "Mazowiec-chT op 2013"]
[Site "Poland"]
[Date "2013.12.08"]
[Round "10.4"]
[White "Kaska, Wladyslaw"]
[Black "Golebiewski, Marek"]
[Result "0-1"]
[WhiteElo "1806"]
[BlackElo "1731"]
[PlyCount "68"]
[EventDate "2013.09.29"]
[EventType "team-swiss"]
[EventRounds "10"]
[EventCountry "POL"]
[SourceTitle "EXT 2019"]
[Source "ChessBase"]
[SourceDate "2018.10.10"]
[SourceVersion "1"]
[SourceVersionDate "2018.10.10"]
[SourceQuality "1"]

1. d4 d5 2. c4 e6 3. Nf3 Nf6 4. Bg5 Bd6 5. Nc3 c6 6. e3 h6 7. Bh4 Nbd7 8. Bd3 0-0 9. 0-0 Re8 10. a3 dxc4 11. Bxc4 Qc7 12. Bg3 e5 13. Qb3 Rf8 14. Rac1 a6 15. Rfd1 b5 16. Be2 Re8 17. dxe5 Nxe5 18. Nxe5 Bxe5 19. Bf3 Bxg3 20. hxg3 Be6 21. Nd5 Nxd5 22. Bxd5 Bxd5 23. Rxd5 Qb7 24. Rdc5 Re6 25. a4 Rd8 26. axb5 axb5 27. Qc2 Rdd6 28. b4 Qd7 29. Qa2 Rf6 30. Re5 Rd2 31. Qa8+ Kh7 32. f4 Qg4 33. Kh2 Rg6 34. Rg5 hxg5 0-1

[Event "Mazowiec-chT op 2013"]
[Site "Poland"]
[Date "2013.10.06"]
[Round "4.12"]
[White "Kaska, Wladyslaw"]
[Black "Runowiecki, Tadeusz"]
[Result "1-0"]
[WhiteElo "1806"]
[BlackElo "1957"]
[PlyCount "81"]
[EventDate "2013.09.29"]
[EventType "team-swiss"]
[EventRounds "10"]
[EventCountry "POL"]
[SourceTitle "EXT 2019"]
[Source "ChessBase"]
[SourceDate "2018.10.10"]
[SourceVersion "1"]
[SourceVersionDate "2018.10.10"]
[SourceQuality "1"]

1. d4 Nf6 2. c4 g6 3. Nc3 Bg7 4. e4 d6 5. h3 0-0 6. Nf3 Nc6 7. d5 Nb4 8. a3 Na6 9. Qc2 e5 10. b4 Ne8 11. Bd3 f5 12. Bg5 Qd7 13. Be3 f4 14. Bd2 Qe7 15. Rc1 Bd7 16. Na4 Bxa4 17. Qxa4 Nb8 18. c5 c6 19. Bc4 Kh8 20. dxc6 bxc6 21. 0-0 dxc5 22. bxc5 Nf6 23. Rfe1 Nfd7 24. Ba2 Re8 25. Ba5 Nxc5 26. Qc4 Nb7 27. Bb4 Qf6 28. Red1 a5 29. Bc3 Qe7 30. Rd2 Qxa3 31. Bxe5 Qe7 32. Bxf4 Na6 33. e5 Nb4 34. Rcd1 Rad8 35. Ng5 Nd5 36. Qxc6 h6 37. Bxd5 hxg5 38. Bg3 Nc5 39. Qxg6 Bxe5 40. Bxe5+ Qxe5 41. Qh6# 1-0

[Event "Mazowiec-chT op 2013"]
[Site "Poland"]
[Date "2013.09.29"]
[Round "2.8"]
[White "Kaska, Wladyslaw"]
[Black "Maj, Pawel"]
[Result "1-0"]
[WhiteElo "1806"]
[BlackElo "1732"]
[PlyCount "73"]
[EventDate "2013.09.29"]
[EventType "team-swiss"]
[EventRounds "10"]
[EventCountry "POL"]
[SourceTitle "EXT 2019"]
[Source "ChessBase"]
[SourceDate "2018.10.10"]
[SourceVersion "1"]
[SourceVersionDate "2018.10.10"]
[SourceQuality "1"]

1. d4 Nf6 2. c4 g6 3. Nc3 d5 4. Nf3 Bg7 5. Bg5 c6 6. e3 Bf5 7. Rc1 Ne4 8. cxd5 cxd5 9. Bb5+ Kf8 10. Bf4 Nxc3 11. Rxc3 Bd7 12. Qb3 Nc6 13. Qxd5 a6 14. Bc4 Be6 15. Qxd8+ Nxd8 16. Ke2 Bxc4+ 17. Rxc4 Ne6 18. Bg3 f6 19. d5 Nd8 20. Rhc1 e5 21. dxe6 Nxe6 22. Nd4 Nxd4+ 23. Rxd4 f5 24. Rd7 Bxb2 25. Rb1 Ba3 26. Rbxb7 a5 27. Be5 Rg8 28. Rxh7 Bb4 29. Rbd7 Rc8 30. Kf3 Ke8 31. Rc7 Rxc7 32. Rxc7 g5 33. Rc8+ Kf7 34. Rxg8 Kxg8 35. Bf6 Bd6 36. Bxg5 Bxh2 37. g3 1-0

[Event "Mazowiec-chT op Autumn"]
[Site "Poland"]
[Date "2012.12.09"]
[Round "8.8"]
[White "Kaska, Wladyslaw"]
[Black "Runowiecki, Tadeusz"]
[Result "1/2-1/2"]
[WhiteElo "1804"]
[BlackElo "1958"]
[PlyCount "44"]
[EventDate "2012.10.14"]
[EventType "team-swiss"]
[EventRounds "8"]
[EventCountry "POL"]
[SourceTitle "EXT 2019"]
[Source "ChessBase"]
[SourceDate "2018.10.10"]
[SourceVersion "1"]
[SourceVersionDate "2018.10.10"]
[SourceQuality "1"]

1. d4 Nf6 2. c4 g6 3. Nc3 Bg7 4. e4 d6 5. Nf3 0-0 6. Bg5 h6 7. Bh4 c5 8. d5 Na6 9. h3 Nc7 10. a4 Na6 11. Be2 Nb4 12. 0-0 a6 13. Nd2 Qc7 14. f4 Nh7 15. f5 g5 16. Bg3 Bd4+ 17. Kh1 f6 18. Bh5 Bd7 19. Nf3 Be5 20. Bxe5 fxe5 21. h4 Be8 22. hxg5 hxg5 1/2-1/2

[Event "Mazowiec-chT op Autumn"]
[Site "Poland"]
[Date "2012.10.21"]
[Round "3.4"]
[White "Kaska, Wladyslaw"]
[Black "Szustakowski, Antoni"]
[Result "1-0"]
[WhiteElo "1804"]
[BlackElo "1520"]
[PlyCount "109"]
[EventDate "2012.10.14"]
[EventType "team-swiss"]
[EventRounds "8"]
[EventCountry "POL"]
[SourceTitle "EXT 2019"]
[Source "ChessBase"]
[SourceDate "2018.10.10"]
[SourceVersion "1"]
[SourceVersionDate "2018.10.10"]
[SourceQuality "1"]

1. d4 Nf6 2. c4 g6 3. Nc3 Bg7 4. e4 d6 5. Nf3 0-0 6. Bg5 Nbd7 7. Qd2 e5 8. dxe5 dxe5 9. Rd1 Re8 10. Be2 b6 11. Qc2 Bb7 12. Nd5 Bxd5 13. cxd5 Nc5 14. Bb5 Re7 15. Nd2 Qc8 16. b4 Nb7 17. Ba6 Rb8 18. 0-0 Qd7 19. f4 Ree8 20. fxe5 Ng4 21. Nf3 Nxe5 22. Nxe5 Bxe5 23. Bf4 Bxf4 24. Rxf4 Nd6 25. Bd3 Re7 26. Re1 Rbe8 27. h4 Re5 28. Rc1 R8e7 29. a3 Qe8 30. Qc6 Qxc6 31. Rxc6 Kf8 32. Kf2 Ke8 33. Kf3 Kd8 34. Rc1 h6 35. Rh1 f5 36. Ke3 fxe4 37. Rf8+ Kd7 38. Be2 Rxd5 39. g4 Rde5 40. Ra8 a5 41. Rc1 Nc8 42. g5 h5 43. Bf1 Nd6 44. Ra7 Nf5+ 45. Kf4 Kd6 46. Rd1+ Ke6 47. Bc4+ Rd5 48. Rxd5 e3 49. Rxf5+ Kd6 50. Rd5+ Ke6 51. Re5+ Kd6 52. Rxe7 Kxe7 53. Rxc7+ Kd6 54. Rg7 e2 55. Bxe2 1-0

[Event "Mazowiec-chT op 1112"]
[Site "Poland"]
[Date "2012.02.05"]
[Round "5.33"]
[White "Kaska, Wladyslaw"]
[Black "Jasinowicz, Waclaw"]
[Result "1-0"]
[WhiteElo "1802"]
[BlackElo "1458"]
[PlyCount "114"]
[EventDate "2012.01.08"]
[EventType "team-swiss"]
[EventRounds "10"]
[EventCountry "POL"]
[SourceTitle "EXT 2019"]
[Source "ChessBase"]
[SourceDate "2018.10.10"]
[SourceVersion "1"]
[SourceVersionDate "2018.10.10"]
[SourceQuality "1"]

1. d4 d5 2. Nf3 Bg4 3. c4 e6 4. Nc3 Bb4 5. Ne5 Nf6 6. Qa4+ Nc6 7. Nxc6 Bxc3+ 8. bxc3 bxc6 9. Qxc6+ Kf8 10. Bg5 Rb8 11. cxd5 exd5 12. Bxf6 gxf6 13. h3 Bf5 14. c4 Qe7 15. c5 Rb2 16. Qxd5 Be4 17. Qc4 Rg8 18. f3 Rc2 19. Qa6 Bd5 20. Qd3 Rb2 21. Qxh7 Rxg2 22. Qd3 Bc6 23. a4 Rg3 24. d5 Bd7 25. d6 Qe5 26. dxc7 Rg5 27. Qd6+ Qxd6 28. cxd6 Rd5 29. Rc1 Bc8 30. Rc6 Rbd2 31. h4 Rxd6 32. Rxd6 Rxd6 33. Bh3 Bxh3 34. Rxh3 Rc6 35. Rg3 Rxc7 36. Rg4 Rc5 37. Kf2 Rh5 38. Kg3 a5 39. Re4 Kg7 40. Kg4 Kg6 41. Re7 Rc5 42. Kf4 Rh5 43. Kg3 Rc5 44. Re4 Rf5 45. Rc4 Rh5 46. Rc6 Kg7 47. Ra6 Rc5 48. Kg4 Rc4+ 49. e4 Rxa4 50. Kf5 Ra3 51. f4 a4 52. Rxf6 Rg3 53. Ra6 a3 54. Ra7 Rb3 55. e5 Kg8 56. h5 Rc3 57. Kg5 Rb3 1-0

[Event "Mazowiec-chT 0910"]
[Site "Mazowsze"]
[Date "2010.02.28"]
[Round "7.8"]
[White "Liberadzki, Slawomir"]
[Black "Kaska, Wladyslaw"]
[Result "1-0"]
[WhiteElo "1959"]
[BlackElo "1829"]
[PlyCount "49"]
[EventDate "2009.11.29"]
[EventType "team-tourn"]
[EventRounds "11"]
[EventCountry "POL"]
[SourceTitle "EXT 2011"]
[Source "ChessBase"]
[SourceDate "2010.11.26"]
[SourceVersion "1"]
[SourceVersionDate "2010.11.26"]
[SourceQuality "1"]

1. e4 c5 2. Nf3 e6 3. c3 d5 4. e5 d4 5. cxd4 cxd4 6. Bb5+ Nc6 7. Bxc6+ bxc6 8. Qa4 Bd7 9. Qxd4 c5 10. Qc4 Rb8 11. Nc3 Rb4 12. Qe2 g6 13. 0-0 Bg7 14. a3 Rb8 15. d3 Ne7 16. Ne4 Qc7 17. Nd6+ Kf8 18. Ng5 f5 19. exf6 Bxf6 20. Nxe6+ Bxe6 21. Qxe6 Ng8 22. Bh6+ Bg7 23. Bxg7+ Kxg7 24. Qe5+ Nf6 25. Nf5+ 1-0

[Event "Mazowiec-chT op"]
[Site "Mazowsze"]
[Date "2009.01.11"]
[Round "1"]
[White "Pasternak Winiarski, Adam"]
[Black "Kaska, Wladyslaw"]
[Result "1-0"]
[WhiteElo "1677"]
[BlackElo "1829"]
[PlyCount "120"]
[EventDate "2009.01.11"]
[EventType "team-tourn"]
[EventRounds "10"]
[EventCountry "POL"]
[SourceTitle "EXT 2013"]
[Source "ChessBase"]
[SourceDate "2012.11.22"]
[SourceVersion "1"]
[SourceVersionDate "2012.11.22"]
[SourceQuality "1"]

1. e4 c5 2. d4 cxd4 3. c3 dxc3 4. Nxc3 e6 5. Nf3 Nc6 6. Bc4 Bb4 7. Bd2 Nge7 8. 0-0 0-0 9. Qe2 d5 10. exd5 exd5 11. Bb3 Bg4 12. Qd3 Bxf3 13. Qxf3 Nd4 14. Qd1 Nxb3 15. Qxb3 Nc6 16. Rfd1 d4 17. Nb5 Bxd2 18. Rxd2 Qb6 19. Nxd4 Qa5 20. Rad1 Rfe8 21. Nf3 Rad8 22. g3 Rxd2 23. Rxd2 Ne5 24. Nxe5 Qxe5 25. Rd7 Qf5 26. Qxb7 h5 27. Re7 Qb1+ 28. Kg2 Rxe7 29. Qxe7 Qxa2 30. Qe8+ Kh7 31. Qe4+ g6 32. b4 a6 33. h3 Kg7 34. Qe5+ Kf8 35. Qd6+ Ke8 36. Qc6+ Ke7 37. Qc5+ Ke6 38. Qe3+ Kd5 39. Qc5+ Ke6 40. Qe3+ Kd7 41. Qd4+ Ke7 42. Qc5+ Kf6 43. Qd4+ Ke6 44. Qb6+ Kd7 45. Qd4+ Ke8 46. Qh8+ Ke7 47. Qe5+ Qe6 48. Qc7+ Kf8 49. Qd8+ Kg7 50. Qd4+ Qf6 51. Qc5 g5 52. Kh2 Kg6 53. Qc2+ Kh6 54. Qc5 g4 55. h4 Kg6 56. Qc2+ Qf5 57. Qc6+ Qf6 58. Qc2+ Kg7 59. Qc5 Qg6 60. Qd4+ Kh7 1-0

[Event "Mazowiec-chT 0708"]
[Site "Poland"]
[Date "2008.02.10"]
[Round "10"]
[White "Kaska, Wladyslaw"]
[Black "Nojszewski, Adam"]
[Result "0-1"]
[WhiteElo "1796"]
[BlackElo "1995"]
[PlyCount "104"]
[EventDate "2007.10.14"]
[EventType "team-tourn"]
[EventRounds "10"]
[EventCountry "POL"]
[SourceTitle "EXT 2010"]
[Source "ChessBase"]
[SourceDate "2010.11.25"]
[SourceVersion "1"]
[SourceVersionDate "2010.11.25"]
[SourceQuality "1"]

1. d4 d5 2. Nf3 Nf6 3. c4 e6 4. Nc3 Nbd7 5. Bg5 c6 6. e3 Bb4 7. cxd5 exd5 8. a3 Bxc3+ 9. bxc3 Qa5 10. Qb3 Ne4 11. Qb4 Qxb4 12. cxb4 Nxg5 13. Nxg5 a5 14. b5 c5 15. dxc5 Nxc5 16. Be2 h6 17. Nf3 0-0 18. 0-0 Be6 19. Rfd1 Rac8 20. Nd4 Ne4 21. Rdc1 Rxc1+ 22. Rxc1 Rc8 23. Rxc8+ Bxc8 24. f3 Nc3 25. Bd3 Nd1 26. Bf5 Bxf5 27. Nxf5 Nc3 28. b6 Nb5 29. a4 Nc3 30. Nd6 Nxa4 31. Nxb7 Nxb6 32. Nxa5 Kf8 33. Kf1 Ke7 34. Ke2 Kd6 35. Kd3 Nd7 36. Kd4 Nc5 37. h4 g5 38. hxg5 hxg5 39. g4 Ne6+ 40. Kc3 Nc5 41. Nb3 Ne6 42. Nd4 Nc5 43. Nf5+ Ke5 44. Nh6 f6 45. Nf5 Ne6 46. Nh6 d4+ 47. Kc4 dxe3 48. Nf7+ Kf4 49. Kd3 Kxf3 50. Nd6 e2 51. Kd2 Nc5 52. Nf5 Kf2 0-1

[Event "POL-chT Liga Mazowiecka 2006/07"]
[Site "Poland"]
[Date "2006.11.05"]
[Round "2.17"]
[White "Pietrzak, Wojciech"]
[Black "Kaska, Wladyslaw"]
[Result "1-0"]
[WhiteElo "1966"]
[BlackElo "1759"]
[PlyCount "137"]
[EventDate "2006.10.22"]
[EventType "team-swiss"]
[EventRounds "9"]
[EventCountry "POL"]
[SourceTitle "EXT 2011"]
[Source "ChessBase"]
[SourceDate "2010.11.26"]
[SourceVersion "1"]
[SourceVersionDate "2010.11.26"]
[SourceQuality "1"]
[WhiteTeam "Grodzisk Polfa Mazowiecki II"]
[BlackTeam "Warszawa Modus"]
[WhiteTeamCountry "POL"]
[BlackTeamCountry "POL"]

1. e4 c5 2. c3 d5 3. exd5 Qxd5 4. d4 cxd4 5. cxd4 e5 6. Be3 exd4 7. Nc3 Bb4 8. Bxd4 Nf6 9. Qa4+ Nc6 10. 0-0-0 Qg5+ 11. Be3 Qa5 12. Qxa5 Bxa5 13. Bc5 Be6 14. Nge2 Bb4 15. Bxb4 Nxb4 16. Nd4 Rc8 17. Kb1 Ke7 18. Nxe6 fxe6 19. Be2 Rhd8 20. Bf3 Nbd5 21. Nb5 a6 22. Nd4 Rd6 23. Rhe1 Kf7 24. Re5 Rc4 25. Nxe6 Rxe6 26. Rexd5 Nxd5 27. Bxd5 Rce4 28. Kc2 Re2+ 29. Rd2 Re1 30. Kc3 Ke7 31. Bxe6 Kxe6 32. Rd3 Rg1 33. Rg3 g6 34. Kd4 Rd1+ 35. Ke4 Rd2 36. Rb3 b5 37. Ke3 Rc2 38. h4 Kd5 39. Rd3+ Kc4 40. Rd4+ Kc5 41. b4+ Kc6 42. a3 Ra2 43. Rd3 Kb6 44. g4 a5 45. h5 axb4 46. axb4 Rb2 47. Rd6+ Kc7 48. hxg6 hxg6 49. Rd4 g5 50. f4 Rb3+ 51. Ke4 gxf4 52. Kxf4 Rc3 53. g5 Rc1 54. Kf5 Rf1+ 55. Ke6 Re1+ 56. Kf6 Rf1+ 57. Kg7 Rc1 58. Kf6 Rf1+ 59. Kg6 Rc1 60. Kf5 Rf1+ 61. Rf4 Rg1 62. Kf6 Kd6 63. Rf5 Rg4 64. g6 Rxb4 65. g7 Rg4 66. Rg5 Rf4+ 67. Kg6 Ke7 68. g8Q Rf6+ 69. Kh5 1-0

[Event "Mazowieckie-chT 0405 Relegation"]
[Site "Poland"]
[Date "2005.03.20"]
[Round "3"]
[White "Grzelak, Artur"]
[Black "Kaska, Wladyslaw"]
[Result "1-0"]
[WhiteElo "2223"]
[BlackElo "2000"]
[PlyCount "93"]
[EventDate "2005.03.06"]
[EventType "team-tourn"]
[EventRounds "3"]
[EventCountry "POL"]
[SourceTitle "EXT 2019"]
[Source "ChessBase"]
[SourceDate "2018.10.10"]
[SourceVersion "1"]
[SourceVersionDate "2018.10.10"]
[SourceQuality "1"]

1. d4 d5 2. Nf3 Nf6 3. Bf4 g6 4. e3 Bg7 5. h3 0-0 6. Nbd2 b6 7. c4 Bb7 8. Rc1 Nbd7 9. b4 a5 10. b5 Rc8 11. Be2 c5 12. bxc6 Rxc6 13. 0-0 Qc8 14. Qb3 Ba6 15. Rc2 dxc4 16. Bxc4 b5 17. Bd3 Rxc2 18. Bxc2 Qc6 19. Bd3 Rc8 20. Ng5 e6 21. Nge4 Nxe4 22. Nxe4 Nf6 23. Nd6 Rc7 24. Nxb5 Rb7 25. a4 Nd5 26. Bg3 Nb4 27. Be2 Nd5 28. Qb2 Nc3 29. Bf3 Nd5 30. Rc1 Qd7 31. Be2 Bf8 32. Qc2 Be7 33. Be5 Bf6 34. Qc8+ Qxc8 35. Rxc8+ Kg7 36. Bxf6+ Kxf6 37. Ra8 Rb6 38. Ra7 h5 39. e4 Bxb5 40. Bxb5 Nc3 41. e5+ Kf5 42. Bd3+ Kg5 43. Rxf7 Nxa4 44. Rf6 h4 45. f4+ Kh5 46. Bxg6+ Kh6 47. Be8+ 1-0

[Event "Mazowieckie-chT 0405"]
[Site "Poland"]
[Date "2005.02.06"]
[Round "9"]
[White "Krasiewicz, Robert"]
[Black "Kaska, Wladyslaw"]
[Result "1/2-1/2"]
[WhiteElo "2036"]
[BlackElo "2000"]
[PlyCount "129"]
[EventDate "2004.10.03"]
[EventType "team-tourn"]
[EventRounds "10"]
[EventCountry "POL"]
[SourceTitle "EXT 2019"]
[Source "ChessBase"]
[SourceDate "2018.10.10"]
[SourceVersion "1"]
[SourceVersionDate "2018.10.10"]
[SourceQuality "1"]

1. d4 d5 2. c4 e6 3. Nc3 Nf6 4. Nf3 c5 5. Bg5 dxc4 6. e3 Nc6 7. dxc5 Qxd1+ 8. Rxd1 Bxc5 9. Bxc4 Bb4 10. Bb5 Bd7 11. Bxf6 gxf6 12. Ke2 Bxc3 13. bxc3 a6 14. Ba4 Ke7 15. Rd2 Rhd8 16. Rhd1 Ne5 17. Bxd7 Rxd7 18. Rd4 Rad8 19. Nxe5 fxe5 20. Rxd7+ Rxd7 21. Rxd7+ Kxd7 22. Kf3 f5 23. Kg3 Kd6 24. Kh4 Kd5 25. Kh5 Ke4 26. Kh6 f4 27. exf4 exf4 28. Kxh7 Kd3 29. Kg6 Ke2 30. f3 Kf2 31. h4 Kxg2 32. h5 Kxf3 33. h6 Kg2 34. h7 f3 35. h8Q f2 36. Qg7 f1Q 37. Qxb7+ Kg3 38. Qc7+ Kg4 39. Qa5 Qf5+ 40. Qxf5+ exf5 41. c4 Kf4 42. c5 Ke5 43. c6 Kd6 44. c7 Kxc7 45. Kxf5 Kd6 46. Ke4 Kc5 47. Kd3 Kb4 48. Kc2 a5 49. Kb2 Kc4 50. Ka3 Kb5 51. Kb3 a4+ 52. Kc3 Kc5 53. a3 Kb5 54. Kd4 Kb6 55. Kc4 Ka6 56. Kb4 Kb6 57. Kxa4 Ka6 58. Kb4 Kb6 59. a4 Ka6 60. a5 Kb7 61. Kb5 Ka7 62. a6 Ka8 63. Kb6 Kb8 64. a7+ Ka8 65. Ka6 1/2-1/2